Al Takshshuf an Muhimmat at-Tasawwuf (Record no. 299865)

000 -LEADER
fixed length control field 00257 a2200109 4500
001 - CONTROL NUMBER
control field 64792
082 ## - DEWEY DECIMAL CLASSIFICATION NUMBER
Classification number 297.4THA
090 ## - LOCALLY ASSIGNED LC-TYPE CALL NUMBER (OCLC); LOCAL CALL NUMBER (RLIN)
-- 38288
-- 38288
100 ## - MAIN ENTRY--PERSONAL NAME
Personal name Thanvi Mawlana Arshraf Ali
245 ## - TITLE STATEMENT
Title Al Takshshuf an Muhimmat at-Tasawwuf
260 ## - PUBLICATION, DISTRIBUTION, ETC.
Name of publisher, distributor, etc. Sang-e-Meel
942 ## - ADDED ENTRY ELEMENTS (KOHA)
Institution code [OBSOLETE] NUST-CAE
Call number prefix 297.4THA
Holdings
Withdrawn status Lost status Damaged status Not for loan Collection code Permanent Location Current Location Date acquired Total Checkouts Full call number Barcode Date last seen Price effective from Koha item type
          College of Aeronautical Engineering (CAE) College of Aeronautical Engineering (CAE) 04/03/2017   297.4THA CAEN-3924 04/05/2017 04/05/2017 Book
© 2023 Central Library, National University of Sciences and Technology. All Rights Reserved.